00623nam a2200181 a 450000500170000000800410001705000220005824500780008026000450015830000110020344000360021450000350025052000580028565000330034365000180037665000240039465000230041820140414093840.0071002s19uu xx 00 eng d aDVD 940bNAZ 2004 aThe Nazis :ba warning from history. Volume 3 /cnarrated by Samuel West. aUnited Kingdom :bBBC Worldwide,cc2004. a1 DVD, aBBC History of the World War II a"2 Titles in each DVD"--Cover. aContents: The road to Treblinka--Fighting to the end. aInternational Baccalaureate. aWorld War II. aFilm (Documentary). aDocumentary films.